Calcul mental - Statistiques

Statistiques générales
  • Ce quiz a été pris 886 fois
  • Le résultat moyen est 19 sur 20
Statistiques - réponses
Calcul Réponse % Correct
11b =1 ,b =? 1/11
100%
15-13 =? 2
100%
Racine cubique de 8 =? 2
100%
1+2 =? 3
100%
15/5 =? 3
100%
5+7 =? 12
99%
5x6 =? 30
98%
21-14 =? 7
98%
10x23 =? 230
97%
2+2 =? 4
97%
10-5x4 =? -10
96%
7x8 =? 56
96%
5 au carré =? 25
94%
Racine carrée de81 =? 9
92%
12+(3*5/15) =? 13
90%
Si y=5, 12+3y =? 27
89%
11x34 =? 374
86%
4 au cube =? 64
81%
-12x11 =? -132
80%
(4/8)*-30 =? -15
67%
Aucun quiz correspondant
Distribution des résultats
% des personnes avec chaque résultat
Percentile par nombre de réponses
Votre historique - résultats
Vous n’avez pas pris ce quiz